Statistics for Objects by Picture - I

Click here to take the quiz!

General Stats

  • This quiz has been taken 426 times
    (417 since last reset)
  • The average score is 12 of 14

Answer Stats

Answer% Correct
Ice Cream
99%
Ice
94%
iPad
94%
Island
92%
Iron
90%
Igloo
89%
Ireland
87%
Iris
84%
Iceberg
82%
Iguana
82%
Ivory
69%
Icicle
65%
Inch
65%
Ivy
60%

Score Distribution

Percentile by Number Answered

Percent of People with Each Score

Your Score History

You have not taken this quiz since the last reset